Регионална библиотека "Любен Каравелов" - Русе

Мега Пиш и Супер Ако : Приключения с гърне (Запис номер 490396)

MARC детайли
000 -Лидер
Контролно поле с фиксирана дължина 01181nam a2200277 a 4500
003 - Код на организацията, давaща контролен номер
Контролно поле BLK
005 - Дата и час на последна редакция
Контролно поле 20250630164343.0
008 - Елементи от данни с фиксирана дължина
fixed length control field 230329b bu |||||||||| 00| | bu d
020 ## - Международен стандартен номер на книга ISBN
Международен стандартен номер на книга ISBN 9786192290788
040 ## - Източник на каталожния запис
Идентификатор на билиотеката - собственик на записа BLK
041 ## - Код за език
Код за езика на текст/звукозапис или на отделно заглавие Български
Код за езика КДБФ Български
080 ## - УДК
Текстов определител УДК Издания за деца и юноши. Книжки-картинки. Читанки. Вж и 372.4
УДК код - определител по УДК 087.5
УДК - код + определител 087.5
080 ## - УДК
Текстов определител УДК Американска литература (на САЩ)
УДК код - определител по УДК 821.111(73)
УДК определител -93-34
УДК - код + определител 821.111(73)-93-34
100 ## - Редна дума - Автор
R(LIN) 1299
Автор Мойл, Сабрина
Авторска отговорност първи автор
139 ## - Редно поле
Редна дума Мойл, Сабрина
Авторски знак Мок - М 80
245 ## - Сведения за заглавието
Заглавие Мега Пиш и Супер Ако : Приключения с гърне
Редно поле (дума) Сабрина Мойл ; ил. Юнис Мойл ; прев. Диана Бойчева
260 ## - Област на издателските данни
9 (RLIN) 487273
Място на издаване, разпространение и проч. София
Име на издателя, разпространителя и проч. Ракета
Година на издаване 2022
300 ## - Физическа характеристика
Страници 24 с.
Илюстрации и др. с цв. ил.
Размери/Мащаб 17х17 см
380 ## - Жанр
Жанр Детска худож. лит.
700 ## - Други автори (авторска отговорност)
9 (RLIN) 599
Лично име Мойл, Юнис
Автороска отговорност (Описва отношението между автора и произведението) ил.
700 ## - Други автори (авторска отговорност)
9 (RLIN) 966
Лично име Бойчева, Диана
Автороска отговорност (Описва отношението между автора и произведението) прев.
852 ## - Местоположение
Форматна сигнатура Цб І 42494
Фондова буква Хранилище
856 ## - Електронен адрес и достъп
Инструкция (цена за достъп) 0.00
Права за достъп disable
942 ## - АРТИКУЛИ
Вид на библиотечния материал Книги
Скрит в OPAC Не
Периодичен библиозапис Да
Koha issues (borrowed), all copies 12
944 ## - СЪЗДАВАНЕ И РЕДАКЦИЯ на ЗАПИСА
Създаване/Редакция Създаване
Дата на регистрацията/редакция 2023-07-07
Служител, извършил регистрацията/редакцията 30537
Статус, дата на статуса Грета Цуфелде
999 ## - СИСТЕМНИ КОНТРОЛНИ НОМЕРА
Koha biblionumber 490396
Koha biblioitemnumber 490396
Наличности
Код за отписване Код за изгубен артикул Източник на класификационната схема Код за повреда Коз за рестрикции Код за отдаване Артикулен № Име на библиотеката - собственик Име на библиотеката, в която се намира в момента Статус (Текущо местоположение) Дата на вписване в системата Местоположение - отдел Цена в лева Инвентарен номер Систематично азбучна сигнатура Баркод Цена в евро Служебен тип на артикула
  Не е изгубен Universal Decimal Classification Не е повреден без рестрикции заемане за дома 926504 Регионална библиотека "Любен Каравелов" Русе Регионална библиотека "Любен Каравелов" Русе Детски отдел 2023-04-03 Детски отдел 12.68 120000885722 087.5/М 80 С 120000885722 6.48 Книги
  Не е изгубен Universal Decimal Classification Не е повреден без рестрикции заемане за дома 926505 Регионална библиотека "Любен Каравелов" Русе Регионална библиотека "Любен Каравелов" Русе Детски отдел 2023-04-03 Детски отдел 12.68 120000885723 087.5/М 80 С 120000885723 6.48 Книги
  Не е изгубен Universal Decimal Classification Не е повреден само за читалня ползва се в читалня 930052 Регионална библиотека "Любен Каравелов" Русе Регионална библиотека "Любен Каравелов" Русе Хранилище 2023-07-14 Хранилище 8.00 120000889464 Цб І 42494 120000889464 4.09 Книги
Vip Innovations Ltd, Rousse, Bulgaria 2025